Bundesländer nach Grenzen in 15 Sekunden - Statistiken

Allgemein
  • Dieses Quiz wurde 280 mal gespielt
  • Das Durchschnittsergebnis liegt bei 14 aus 16
Antworten auf der Karte
Die Antworten werden auf der Karte rot bzw. grün angezeigt, abhängig davon wie oft sie richtig erraten wurden.
 
Antwortstatistiken
Bundesland % Korrekt
Niedersachsen
98%
Hessen
96%
Thüringen
95%
Bayern
94%
Sachsen
92%
Brandenburg
91%
Baden-Württemberg
89%
Rheinland-Pfalz
89%
Nordrhein-Westfalen
87%
Sachsen-Anhalt
82%
Schleswig-Holstein
82%
Berlin
80%
Hamburg
79%
Mecklenburg-Vorpommern
72%
Bremen
71%
Saarland
68%
Keine übereinstimmenden Quizze gefunden
Verteilung der Resultate
Anzahl Personen mit jedem Resultat
Perzentil nach korrekt beantworteten Fragen
Ihre Resultats-Entwicklung
Sie haben dieses Quiz noch nicht gespielt